Statistics for States of the Mormon Trail

Click here to take the quiz!

General Stats

  • This quiz has been taken 57 times
  • The average score is 4 of 5

Answer Stats

Answer% Correct
Utah
98%
Wyoming
83%
Iowa
75%
Nebraska
75%
Illinois
72%

Score Distribution

Percentile by Number Answered

Percent of People with Each Score

Your Score History

You have not taken this quiz